| 000 | 01345nam a22002417a 4500 | ||
|---|---|---|---|
| 001 | BRCA_9269 | ||
| 003 | FranzMayer | ||
| 005 | 20230719130046.0 | ||
| 008 | 230719b |||||||| |||| 00| 0 eng d | ||
| 040 |
_aMFM _besp _cMFM |
||
| 050 | 4 |
_aLE56 _bS87 1782 |
|
| 082 | _2BT198 | ||
| 110 | 1 |
_4Responsable _aSuperiorum Facultate _928857 |
|
| 240 | 1 |
_aThelogia scholastica-dogmatica ex ss patribus, Maxime ex de Augustino et Angelico doctore deprompta, et acommodata ad utilitatem juventutis, in octo tomos distributa _hTomo IV _lLatín |
|
| 245 | 0 |
_aThelogia scholastica-dogmatica ex ss patribus, Maxime ex de Augustino et Angelico doctore deprompta, et acommodata ad utilitatem juventutis, in octo tomos distributa _bTomo IV |
|
| 260 |
_aRoma, Italia _bTypographia Hermatheniana _c1782 |
||
| 300 |
_a354 p _c18 cm |
||
| 440 |
_aThelogia scholastica-dogmatica ex ss patribus, Maxime ex de Augustino et Angelico doctore deprompta, et acommodata ad utilitatem juventutis, in octo tomos distributa _nDe divini verbi incarnationes, et de deo. Legum Auctore _pTomo IV _928858 |
||
| 505 | 0 | _aTexto en: latínDirigido a: historiadores, teólogos, antropólogosIncluye índice (temático) | |
| 650 | 1 |
_2Religión _aReligión cristiana _vTeología _928859 |
|
| 651 | 2 |
_2Historia y principios de la religión _aEstudios religiosos _928860 |
|
| 942 |
_2lcc _cB |
||
| 999 |
_c10888 _d10888 |
||